Bécane - Yamê - Statistiques

Statistiques générales
  • Ce quiz a été pris 5 fois
  • Le résultat moyen est 162 sur 352
Statistiques - réponses
Réponses % Correct
à
100%
beau
100%
bécane,
100%
bécane
100%
c,
100%
ce
100%
de
100%
je
100%
la
100%
La
100%
me
100%
que
100%
sa
100%
si
100%
bats
75%
beuh
75%
beuh,
75%
beuh (Ouh)
75%
c'est
75%
couilles
75%
dangereux
75%
j'fume
75%
J'me
75%
J'm'en
75%
le
75%
les
75%
mère
75%
mes
75%
ouais,
75%
ouais
75%
bah
50%
Bah
50%
comme
50%
dents
50%
di-di-da-da,
50%
di-di-di-da-da
50%
di-di-di-da-da,
50%
di-di-di-di-didi,
50%
di-di-di-di-didi
50%
di-di-di-di-didi-ih-ih (Ih)
50%
en
50%
En
50%
entre
50%
et
50%
fer
50%
fer,
50%
J'cale
50%
J'sors
50%
j'sors
50%
J'vois
50%
pas
50%
pas,
50%
pense
50%
quelqu'un
50%
un
50%
ah
25%
aide
25%
bal
25%
balisé,
25%
barreaux,
25%
barreaux
25%
bien,
25%
bien
25%
Bitch,
25%
business
25%
ça
25%
centrer
25%
comment
25%
crie
25%
dans
25%
Dans
25%
des
25%
dit»,
25%
élan
25%
fait
25%
focaliser
25%
haine
25%
ils
25%
j'ai
25%
J'ai
25%
jamais
25%
j'attends
25%
J'roule
25%
l'enfer
25%
longtemps
25%
l'pétard
25%
m'attend
25%
mettre
25%
moi
25%
monde
25%
N'écoute
25%
«on
25%
on
25%
passe,
25%
poignée,
25%
Sur
25%
temps
25%
ton
25%
travers
25%
très
25%
allemand
0%
Anta,
0%
au
0%
bantu,
0%
basané,
0%
bégayer
0%
-cane,
0%
'Cane,
0%
carats,
0%
cc
0%
ceux
0%
Cheikh
0%
chicots,
0%
choisi
0%
concentrés,
0%
croire
0%
fais
0%
fallait
0%
faufile
0%
faut
0%
fiable
0%
grands
0%
gros
0%
ici
0%
indé',
0%
jactent
0%
j'froisse
0%
J'les
0%
j'ressens
0%
J'suis
0%
J'tourne
0%
j'y
0%
L'akra
0%
langage
0%
langue
0%
lent
0%
leur
0%
mains,
0%
mais
0%
m'as
0%
M'bah
0%
m'bah
0%
mmh
0%
modèles,
0%
moteur
0%
négro,
0%
n'entendent
0%
n'est
0%
n'ont
0%
ouh-ouh
0%
ouh-ouh-ouh
0%
oui
0%
parle
0%
parler
0%
passer
0%
pavaner
0%
pensées,
0%
peuvent
0%
plus
0%
pour
0%
quand
0%
quer-cro
0%
qui
0%
qu'ils
0%
Remballe
0%
Sankara,
0%
sans
0%
se
0%
sont
0%
ta
0%
té-ma
0%
tes
0%
tu
0%
vie
0%
violence
0%
v'nus
0%
vu
0%
Aucun quiz correspondant
Distribution des résultats
% des personnes avec chaque résultat
Percentile par nombre de réponses
Votre historique - résultats
Vous n’avez pas pris ce quiz